000 00408nam a2200181Ia 4500
003 GCL
008 140319s9999 xx 000 0 eng d
040 _aGCL /
_cGCL
082 0 4 _aCH
_b823.087
_bD E
100 1 _aDEAN
245 1 0 _aBRAR RABBIT AGAIN /
_cDEAN
260 _a[S.N] :
_bDEAN ،
_c1990
300 _a184
650 0 4 _aLITERATURE
650 0 4 _aCHILDREN
650 0 4 _aTALES
942 _2ddc
_cBK
999 _c18068
_d18068